[Event "AUTO-ADV-3997"]
[Site "http://www.queenalice.com/game.php?id=1529014"]
[Date "2018.5.30"]
[Round "2"]
[White "driss66"]
[Black "pacou93"]
[Result "0-1"]
[WhiteElo "1941"]
[BlackElo "1806"]

1. e4 e5 2. Nf3 Nc6 3. Bc4 f5 4. d3 Nf6 5. O-O d6 6. Nc3 fxe4 7. dxe4 Bg4 8. h3
Bxf3 9. Qxf3 Nd4 10. Qd1 c6 11. b3 h6 12. f4 Qb6 13. Be3 O-O-O 14. Na4 Qc7 15.
Bxd4 exd4 16. Qxd4 Nh5 0-1

[Event "AUTO-ADV-3997"]
[Site "http://www.queenalice.com/game.php?id=1529015"]
[Date "2018.5.30"]
[Round "2"]
[White "Pinehill"]
[Black "driss66"]
[Result "0-1"]
[WhiteElo "1986"]
[BlackElo "1983"]

1. e4 e5 2. d4 exd4 3. c3 Nc6 4. cxd4 Bb4+ 5. Nc3 h6 6. Bc4 Qe7 7. e5 d6 8. Nf3
Bg4 9. O-O O-O-O 10. Bf4 dxe5 11. Re1 Rxd4 12. Nxd4 Bxd1 13. Raxd1 Nxd4 14. Bxe5
Nf5 15. Bxg7 Qxe1+ 16. Rxe1 Nxg7 17. Bxf7 Nf6 18. Rd1 Rd8 19. Rxd8+ Kxd8 20. Ne2
Ke7 21. Bg6 Kd6 22. a3 Bd2 23. f3 Kc5 24. Kf2 Ne6 25. Ng3 Nd4 26. Ne4+ Nxe4+ 27.
Bxe4 b6 28. Bd3 a5 29. g4 Bc1 0-1

[Event "AUTO-ADV-3997"]
[Site "http://www.queenalice.com/game.php?id=1529016"]
[Date "2018.5.30"]
[Round "2"]
[White "driss66"]
[Black "Pinehill"]
[Result "0-1"]
[WhiteElo "1920"]
[BlackElo "2012"]

1. e4 d5 2. exd5 Nf6 3. Nf3 Qxd5 4. Nc3 Qa5 5. Be2 Bf5 6. O-O e6 7. a3 c6 8. d3
Qc7 9. Nd4 Bg6 10. Re1 Bc5 11. Nf3 O-O 12. d4 Bd6 13. Bd3 Bxd3 14. Qxd3 Nbd7 15.
Ne2 e5 16. dxe5 Nxe5 17. Nxe5 Bxe5 18. Ng3 Rad8 19. Qf3 Rfe8 20. c3 Bxg3 21.
Rxe8+ Rxe8 22. fxg3 Qb6+ 23. Kf1 Qb5+ 24. Kf2 Qb6+ 25. Kf1 Qc7 26. Be3 Nd5 27.
Re1 Qe7 28. Kf2 a6 29. c4 Nxe3 30. Rxe3 Qc5 31. Qe2 f5 32. Kf3 Rxe3+ 33. Qxe3
Qxe3+ 34. Kxe3 Kf7 35. Kd4 Ke7 36. Kc5 Kd7 37. Kb6 Kc8 38. Kc5 Kc7 39. Kd4 Kd6
40. c5+ Ke6 41. b3 g5 42. a4 a5 43. h3 h5 44. h4 gxh4 45. gxh4 Kf6 46. g3 Ke6
47. Ke3 Ke5 48. Kf3 Kd4 49. Kf4 Kxc5 50. Kxf5 Kb4 51. g4 hxg4 52. Kxg4 Kxb3 53.
h5 Kxa4 54. h6 b5 55. h7 c5 56. h8=Q b4 57. Qa1+ Kb5 58. Kf4 a4 59. Ke4 b3 60.
Qa3 c4 0-1

[Event "AUTO-MASTER-2733"]
[Site "http://www.queenalice.com/game.php?id=1530433"]
[Date "2018.6.9"]
[Round "1"]
[White "NIBIRO"]
[Black "driss66"]
[Result "0-1"]
[WhiteElo "1919"]
[BlackElo "1944"]

1. e4 c5 2. Nf3 Nc6 3. d4 e6 4. d5 exd5 5. exd5 Qe7+ 6. Be2 Ne5 7. O-O d6 8. c4
Bd7 9. Re1 O-O-O 10. Nc3 f6 11. a3 g5 12. b4 h5 13. bxc5 dxc5 14. Na4 Qd6 15.
Nc3 g4 16. Nxe5 fxe5 17. Ne4 Qg6 18. Bd3 Bf5 19. Nxc5 Bxc5 0-1

[Event "AUTO-MASTER-2733"]
[Site "http://www.queenalice.com/game.php?id=1530434"]
[Date "2018.6.9"]
[Round "1"]
[White "driss66"]
[Black "NIBIRO"]
[Result "1-0"]
[WhiteElo "1964"]
[BlackElo "1907"]

1. c4 Nf6 2. d4 e6 3. Nc3 Bb4 4. Qb3 c5 5. Nf3 Bxc3+ 6. Qxc3 cxd4 7. Nxd4 O-O 8.
Bg5 d6 9. e3 Nbd7 10. Bd3 a6 11. Qc2 h6 12. Bh4 Qa5+ 13. Kf1 Qh5 14. Nf3 Ne5 15.
Bxf6 gxf6 16. Nxe5 fxe5 17. Be2 Qg5 18. h4 Qe7 19. g4 f5 20. g5 Qh7 21. g6 Qg7
22. h5 Bd7 23. Rg1 Rac8 24. Rd1 d5 25. Qb3 Bc6 26. c5 e4 27. Qc2 f4 28. exf4
Rxf4 29. Rg4 Rcf8 30. Rxf4 Rxf4 31. Qb3 Qf6 32. Qe3 e5 33. Bc4 Bb5 34. Bxb5 axb5
35. Rxd5 Qe6 36. Rd8+ Kg7 37. Rd6 Qc4+ 38. Kg2 Rg4+ 39. Kh3 Rg5 40. Rd7+ Kf6 41.
Kh4 Rg4+ 42. Kxg4 Qe6+ 43. Kh4 Qxd7 44. Qxh6 1-0

[Event "AUTO-MASTER-2733"]
[Site "http://www.queenalice.com/game.php?id=1530445"]
[Date "2018.6.9"]
[Round "1"]
[White "ymfrancois"]
[Black "driss66"]
[Result "1-0"]
[WhiteElo "1910"]
[BlackElo "2012"]

1. e4 c5 2. Bc4 e6 3. d3 d5 4. exd5 exd5 5. Bb5+ Bd7 6. Bxd7+ Nxd7 7. Qe2+ Be7
8. Bg5 Ngf6 9. Bxf6 Nxf6 10. Nf3 O-O 11. O-O Re8 12. c3 Bd6 13. Qd1 Qd7 14. Nbd2
Re7 15. Re1 Rxe1+ 16. Qxe1 Re8 17. Qd1 Qf5 18. Qc2 Ng4 19. Qa4 Re2 20. h3 Nxf2
21. Rf1 Nxh3+ 22. Kh1 Rxd2 23. Qe8+ Bf8 24. Nxd2 Nf2+ 25. Kg1 Qe6 26. Qxe6 fxe6
27. Rxf2 Be7 28. Re2 Kf7 29. Nf3 Bf6 30. d4 c4 31. b3 b5 32. b4 Ke7 33. a3 g5
34. g4 h6 35. Ra2 h5 36. gxh5 g4 37. Ne5 Bg5 38. Nc6+ Kf6 39. Nxa7 1-0

[Event "AUTO-MASTER-2733"]
[Site "http://www.queenalice.com/game.php?id=1530446"]
[Date "2018.6.9"]
[Round "1"]
[White "driss66"]
[Black "ymfrancois"]
[Result "1-0"]
[WhiteElo "1999"]
[BlackElo "1923"]

1. c4 d5 2. Nf3 d4 3. g3 c5 4. Bg2 Nc6 5. d3 Bd7 6. O-O h6 7. e4 e5 8. a3 Qc8 9.
Nbd2 Bh3 10. Qa4 Bd6 11. b4 cxb4 12. axb4 Bxb4 13. Nxe5 Ne7 14. Ba3 Bxa3 15.
Bxh3 Qxh3 16. Nxc6 Nxc6 17. Qxa3 Qd7 18. f4 Qe7 19. e5 Qxa3 20. Rxa3 O-O 21. Rb1
b6 22. Kf2 f5 23. Rb5 Kh7 24. Rd5 Nb4 25. Rd7 a5 26. Nf3 Rfd8 27. e6 Rxd7 28.
exd7 Rd8 29. Ne5 Nc2 30. Ra2 Ne3 31. h3 Nd1+ 32. Kf3 Nc3 33. Rb2 Na4 34. Rb5 Kg8
35. Rd5 Nb2 36. Nc6 a4 37. Nxd8 a3 38. Ne6 1-0

[Event "AUTO-MASTER-2733"]
[Site "http://www.queenalice.com/game.php?id=1530451"]
[Date "2018.6.9"]
[Round "1"]
[White "josebaron"]
[Black "driss66"]
[Result "1-0"]
[WhiteElo "2107"]
[BlackElo "1972"]

1. e4 c5 2. c4 d6 3. Nf3 e5 4. Nc3 Nc6 5. d3 Be7 6. Be2 Nf6 7. Nd5 Nxd5 8. cxd5
Nd4 9. O-O O-O 10. h3 f5 11. Nxd4 cxd4 12. f4 Bf6 13. fxe5 Bxe5 14. Bf4 fxe4 15.
Bxe5 dxe5 16. Rxf8+ Qxf8 17. dxe4 Bd7 18. Bg4 Be8 19. Qb3 b6 20. Rf1 Qc5 21. d6+
1-0

[Event "AUTO-MASTER-2733"]
[Site "http://www.queenalice.com/game.php?id=1530452"]
[Date "2018.6.9"]
[Round "1"]
[White "driss66"]
[Black "josebaron"]
[Result "1-0"]
[WhiteElo "1961"]
[BlackElo "2110"]

1. c4 c5 2. Nf3 Nf6 3. Nc3 e6 4. d4 cxd4 5. Nxd4 Nc6 6. e3 Be7 7. Nxc6 bxc6 8.
Bd3 O-O 9. O-O a5 10. Bc2 e5 11. e4 Ba6 12. b3 d6 13. Bb2 c5 14. a4 Rb8 15. Nb5
Bxb5 16. axb5 h6 17. Bc3 Ra8 18. Qd2 Qb8 19. Rxa5 Rxa5 20. Bxa5 Bd8 21. Bxd8
Rxd8 22. Ra1 Qb7 23. Ra6 Ne8 24. Qa5 Qc7 25. b6 Qb8 26. Ra7 h5 27. b4 cxb4 28.
Qxb4 g6 29. Ba4 Kf8 30. Bc6 Rc8 31. Ra8 Nc7 32. Rxb8 Rxb8 33. Qxd6+ Kg7 34.
Qxe5+ Kh6 35. Qxc7 1-0

[Event "AUTO-MASTER-2740"]
[Site "http://www.queenalice.com/game.php?id=1533064"]
[Date "2018.6.30"]
[Round "1"]
[White "CCapivara"]
[Black "driss66"]
[Result "0-1"]
[WhiteElo "2155"]
[BlackElo "1992"]

1. e4 e5 2. f4 d6 3. Nf3 exf4 4. Bc4 Be7 5. O-O c6 6. d4 d5 7. exd5 cxd5 8. Bb5+
Bd7 9. Bxd7+ Nxd7 10. Bxf4 Ngf6 11. Nbd2 O-O 12. c3 Nh5 13. Be3 Qc7 14. Kh1 f6
15. Nh4 g6 16. Qg4 Ng7 17. Rae1 f5 18. Qe2 Bxh4 19. g3 Bf6 20. Qg2 Nb6 21. Bf4
Qd7 22. Be5 Rae8 23. Nf3 Nc4 24. Bxf6 Rxf6 25. Rxe8+ Nxe8 26. Re1 Nc7 27. Ne5
Nxe5 28. Rxe5 Re6 29. Qe2 Rxe5 30. Qxe5 Kf7 31. Qf4 Ne6 32. Qb8 Qb5 33. Kg1 a6
34. Qh8 Ng5 35. h4 Ne6 36. Qxh7+ Ng7 37. Qh8 Qxb2 38. Qc8 Qb5 39. Kf2 Ne6 40.
Qh8 Qb2+ 41. Kg1 Qxc3 42. Qh7+ Ng7 0-1

[Event "AUTO-MASTER-2740"]
[Site "http://www.queenalice.com/game.php?id=1533065"]
[Date "2018.6.30"]
[Round "1"]
[White "driss66"]
[Black "CCapivara"]
[Result "0-1"]
[WhiteElo "2015"]
[BlackElo "2156"]

1. e4 d6 2. Nf3 Nf6 3. Nc3 c6 4. d4 Bg4 5. Be2 Nbd7 6. e5 Bxf3 7. Bxf3 dxe5 8.
O-O exd4 9. Qxd4 e6 10. Qd3 Be7 11. b3 O-O 12. Qe2 Qa5 13. Ne4 Ne5 14. Bb2 Nxf3+
15. Qxf3 Nxe4 16. Qxe4 Rad8 17. Qg4 Qg5 18. Qxg5 Bxg5 19. f4 Be7 20. Rad1 Rxd1
21. Rxd1 Rd8 22. Rxd8+ Bxd8 23. Kf2 Bf6 24. Ba3 Bd4+ 25. Kf3 f5 26. Ke2 Kf7 27.
Kd3 Bf6 28. Bd6 Ke8 29. a4 Kd7 30. Bb4 e5 31. Bd2 e4+ 32. Ke2 Kd6 33. Be3 a6 34.
h3 b5 35. a5 c5 36. c3 Bxc3 37. Bd2 Bxd2 38. Kxd2 Kd5 39. g4 g6 40. Kc3 b4+ 41.
Kd2 Kd4 42. Ke2 Kc3 0-1

[Event "AUTO-MASTER-2740"]
[Site "http://www.queenalice.com/game.php?id=1533080"]
[Date "2018.6.30"]
[Round "1"]
[White "driss66"]
[Black "VictorArruda"]
[Result "0-1"]
[WhiteElo "2005"]
[BlackElo "2092"]

1. e4 e5 2. Nf3 Nc6 3. Bc4 Nf6 4. d3 h6 5. O-O Bc5 6. a3 a6 7. b4 Ba7 8. Bb2 d6
9. Ba2 O-O 10. Nbd2 Be6 11. Bxe6 fxe6 12. c3 Ng4 13. d4 exd4 14. Nxd4 Nxd4 15.
cxd4 Nf6 16. Qe2 Qe7 17. Nf3 Rac8 18. Rac1 Nd7 19. h4 e5 20. g3 exd4 21. Nxd4
Rce8 22. Rce1 Ne5 23. Kg2 Qf7 24. Nf5 Qg6 25. h5 Qe6 0-1

[Event "AUTO-MASTER-2740"]
[Site "http://www.queenalice.com/game.php?id=1533081"]
[Date "2018.6.30"]
[Round "1"]
[White "VictorArruda"]
[Black "driss66"]
[Result "1-0"]
[WhiteElo "2104"]
[BlackElo "1992"]

1. d4 e6 2. c4 Nf6 3. Nc3 Bb4 4. Bd2 O-O 5. Nf3 d5 6. cxd5 Nxd5 7. Rc1 Nc6 8. e3
Nxc3 9. Bxc3 Bxc3+ 10. Rxc3 Ne7 11. Bd3 Ng6 12. O-O f5 13. Qb3 Kh8 14. Rfc1 c6
15. a3 Bd7 16. Qxb7 Ne7 17. Qb3 Nd5 18. Rc5 Nf6 19. Ne5 Qb6 20. Qxb6 axb6 21.
R5c2 c5 22. dxc5 bxc5 23. Rxc5 Rad8 24. Nxd7 Nxd7 25. Rc7 1-0

[Event "AUTO-OPEN-3907"]
[Site "http://www.queenalice.com/game.php?id=1534667"]
[Date "2018.7.13"]
[Round "2"]
[White "tucuman"]
[Black "driss66"]
[Result "1-0"]
[WhiteElo "2083"]
[BlackElo "1908"]

1. d4 e6 2. Bf4 Be7 3. Nf3 d5 4. e3 Nf6 5. c4 b6 6. Be2 Bd7 7. Nbd2 c5 8. cxd5
Nxd5 9. Bg3 Nc6 10. O-O O-O 11. Ne5 1-0

[Event "AUTO-OPEN-3907"]
[Site "http://www.queenalice.com/game.php?id=1534668"]
[Date "2018.7.13"]
[Round "2"]
[White "driss66"]
[Black "tucuman"]
[Result "0-1"]
[WhiteElo "1899"]
[BlackElo "2092"]

1. c4 e5 2. e4 Bc5 3. Nf3 d6 4. d3 Nc6 5. Be2 Nge7 6. O-O Be6 7. Nc3 Qd7 8. a3
a6 9. b4 Bd4 10. Nxd4 Nxd4 11. f3 O-O 0-1

[Event "AUTO-OPEN-3907"]
[Site "http://www.queenalice.com/game.php?id=1534671"]
[Date "2018.7.13"]
[Round "2"]
[White "CCapivara"]
[Black "driss66"]
[Result "1-0"]
[WhiteElo "2178"]
[BlackElo "1980"]

1. e4 g6 2. d4 Bg7 3. c4 e5 4. dxe5 Bxe5 5. Nf3 Bg7 6. Nc3 d6 7. Be2 Nd7 8. O-O
Ne7 9. Bg5 Bf6 10. Bxf6 Nxf6 11. e5 dxe5 12. Qxd8+ Kxd8 13. Nxe5 Be6 14. Bf3 c6
15. b3 Kc7 16. Rad1 Rad8 17. h3 h5 18. Rxd8 Rxd8 19. Rd1 Rxd1+ 20. Bxd1 Kd6 21.
Nd3 Bf5 22. Be2 g5 23. Kf1 Ng6 24. Nd1 Ne5 25. Nxe5 Kxe5 26. Ke1 g4 27. hxg4
Bxg4 28. f3 Bf5 29. Kd2 Kd4 30. Ne3 Bg6 31. Nd1 Nh7 32. Nc3 Ng5 33. Bd1 h4 34.
Ne2+ Kc5 35. Bc2 1-0

[Event "AUTO-OPEN-3907"]
[Site "http://www.queenalice.com/game.php?id=1534672"]
[Date "2018.7.13"]
[Round "2"]
[White "driss66"]
[Black "CCapivara"]
[Result "0-1"]
[WhiteElo "1972"]
[BlackElo "2184"]

1. c4 e5 2. Nc3 f5 3. d3 Nf6 4. Bg5 Be7 5. f3 O-O 6. Qc2 d6 7. O-O-O c6 8. h3 d5
9. d4 exd4 10. Rxd4 c5 11. Rd1 d4 12. e3 Qb6 13. exd4 cxd4 14. Na4 Qd6 15. c5
Qd7 16. Qc4+ Qe6 17. Qxd4 Nc6 18. Qc3 Kh8 19. Bc4 Qe5 20. Qxe5 Nxe5 21. Bb3 h6
22. h4 hxg5 23. hxg5+ Nh7 24. f4 Ng6 25. Nf3 Nxf4 26. g6 Nxg6 27. Nc3 Bxc5 28.
Rxh7+ Kxh7 29. Ng5+ Kh6 30. Nh7 Kxh7 31. Rh1+ Nh4 32. Rxh4+ Kg6 33. Ne2 Kf6 0-1